| 000 | 00681nam a22002057a 4500 | ||
|---|---|---|---|
| 999 |
_c182626 _d182626 |
||
| 005 | 20211129172239.0 | ||
| 010 | _aENG-130133 | ||
| 020 |
_a978-93-88248-05-1 _c1250.00 |
||
| 035 | _aEN-113665 | ||
| 037 | _bDBAD/PUB | ||
| 082 | _a294.5 | ||
| 100 | _aSrivastava, Sanchit | ||
| 245 |
_aHindu Religion: _cSanchit Srivastava, Surabhi Srivastava |
||
| 250 | _a2019 | ||
| 260 |
_aDelhi _bGyan Geeta Prakashan _c2019 |
||
| 270 |
_aF-7, Gali No. 1, Panschsheel Garden Ext. Naveen Shahdara _bDelhi _e110032 _mgyangeetaprakashan@gmail.com |
||
| 300 |
_avii, 300p. _c22cm (hbk) _bBibliography, Index |
||
| 700 | _aSrivastava, Surabhi | ||
| 942 |
_2ddc _cEN _h294.5 _mSRI |
||